Schoolworks : reinventing public schools to create the workforce of the future : innivations in education and job training from Sweden, West Germany, France, Great Britain...and Philadelphia
Αποθηκεύτηκε σε:
| Κύριος συγγραφέας: | |
|---|---|
| Μορφή: | Βιβλίο |
| Γλώσσα: | English |
| Δημοσίευση: |
Washington :
The Brookings Institution,
1989
|
| Θέματα: | |
| Ετικέτες: |
Προσθήκη ετικέτας
Δεν υπάρχουν, Καταχωρήστε ετικέτα πρώτοι!
|
MARC
| LEADER | 00000nam a2200000 i 4500 | ||
|---|---|---|---|
| 001 | 1/98923 | ||
| 008 | 000125s1989 eng d | ||
| 020 | |a 0-8157-6201-1 | ||
| 035 | |l 10056689 | ||
| 040 | |a GR-MY-UA |b gre |e aacr | ||
| 041 | 0 | |a eng | |
| 082 | 0 | |a 370.113 | |
| 100 | 1 | |a Nothdurft, William E. | |
| 245 | 1 | 0 | |a Schoolworks : |b reinventing public schools to create the workforce of the future : innivations in education and job training from Sweden, West Germany, France, Great Britain...and Philadelphia / |c William E. Nothdurft |
| 260 | |a Washington : |b The Brookings Institution, |c 1989 | ||
| 300 | |a 94 p. | ||
| 650 | 0 | 0 | |a Working class |x Education |z Europe. |
| 650 | 0 | 0 | |a Working class |x Education |z Pennsylvania |z Philadelphia. |
| 650 | 0 | 0 | |a Vocational education |z Europe. |
| 650 | 0 | 0 | |a Career education |z Europe. |
| 650 | 0 | 0 | |a Community and school |z Pennsylvania |z Philadelphia. |
| 852 | |a INST |b RHODES |e 20000125 |h 370.113 NOT |p 005400013309 |q 005400013309 |t BK |y 0 | ||
| 901 | |a BIBL4-2000-1 | ||
| 909 | |a Ρ |b 073101 | ||
| 922 | |a 4ΕΛΗ |b 199912 |c ΚΠΣ/154 |d GLORY BOOKS | ||
| 970 | |a ΚΟΥΛΑΚΙΟΤΗ |b ΛΙΤΣΑ |z 2000/01/25 | ||